KOHA-Header-6

Contemporary Engineering Economics (Record no. 883)

000 -LEADER
fixed length control field 00300nam a2200121Ia 4500
008 - FIXED-LENGTH DATA ELEMENTS--GENERAL INFORMATION
fixed length control field 190722s9999 xx 000 0 und d
020 ## - INTERNATIONAL STANDARD BOOK NUMBER
International Standard Book Number 978-93-325-5014-8
100 ## - MAIN ENTRY--PERSONAL NAME
Personal name Chan S.Park
245 #0 - TITLE STATEMENT
Title Contemporary Engineering Economics
260 ## - PUBLICATION, DISTRIBUTION, ETC. (IMPRINT)
Place of publication, distribution, etc New delhi
Name of publisher, distributor, etc Pearson
Date of publication, distribution, etc 2015
300 ## - PHYSICAL DESCRIPTION
Extent 858
942 ## - ADDED ENTRY ELEMENTS (KOHA)
Koha item type Books
Holdings
Withdrawn status Lost status Source of classification or shelving scheme Damaged status Not for loan Collection code Permanent Location Current Location Shelving location Date acquired Full call number Barcode Date last seen Price effective from Koha item type
          Economics MAJU MAJU Shelf No.A48 2019-07-22 658.15 7509 2021-04-12 2019-07-22 Economics

Powered by Koha